LEADER 00910nas a2200253 i 4500 001 000000210233 003 CaOOAMICUS 005 20130114000000.0 008 120117b2012 xxuuu u0 0eng r 013 $a189042 040 $aSeMil$bita 245 10$a[2012]. 260 $aNew York :$bCambridge University Press,$c2012. 300 $a506 p. ;$c23 cm. 773 0 $tHarvard Theological Review.$dCambridge, Massachusetts : Harvard University Press $x0017-8160$w()2344 774 0 $tJanuary.$w()276586 774 0 $tApril.$w()277095 774 0 $tJuly.$w()277661 774 0 $tOctober.$w()278271 850 $aSeMil 852 $aSeMil$W1$xVenegono$y1$m113 6 26$j160683$B160683$CSeMilBibl$Z2$F179386 $85 961 $aAbbonamento: Cambridge University Press 996 $6245$a[2012]$9(OLS)http://semarc/title/298776 996 $6260$aNew York :$bCambridge University Press$9(OLS)http://semarc/publisher/31883 LEADER 00602naa a2200145 i 4500 001 000000319742 003 CaOOAMICUS 005 20180831173313.0 008 180831n it u000 u ita u 013 $a29539 040 $aSeMil$bita 245 10$a"Beata solitudo"? Monachesimo cristiano e cittą postmoderna. 650 4$aMonachesimo - Storia - Sec. 20.-21.$0(OLS)http://semarc/subject/44178 773 0 $tMonastero alle porte della cittą.$dMilano : Vita e Pensiero, 1999.$z88-343-0196-X$gp.63-76$w()110070 996 $6245$a"Beata solitudo"? Monachesimo cristiano e cittą postmoderna$9(OLS)http://semarc/title/393476